Bronie w Counter Strike Global Offensive - Statystyki

Ogólne statystyki
  • Ten quiz został rozwiązany 1 903 razy
  • Średni wynik to 24 z 48
Statystyki odpowiedzi
Odpowiedź % Poprawnych
AK-47
95%
AWP
89%
M4A4
89%
M4A1-S
88%
USP-S
79%
Famas
77%
Glock-18
77%
P250
74%
Desert Eagle
72%
AUG
70%
Five-SeVen
70%
P2000
70%
Negev
69%
Karambit
68%
Galil AR
64%
P90
62%
Tec-9
62%
Nova
61%
MP7
60%
SCAR-20
59%
MP9
58%
MAC-10
55%
Obrzyn
53%
CZ-75
52%
MAG-7
52%
M249/Krowa
48%
Nóż Motylkowy
46%
SSG 08
45%
UMP-45
45%
PP-Bizon
43%
Bagnet
42%
Dwie Beretty
37%
Rewolwer R8
35%
XM1014
33%
G3SG1
30%
Bagnet M9
27%
SSG 553
27%
MP5-SD
25%
Nóż Składany
24%
Sztylet
20%
Nóż z Hakiem
19%
Nóż Bowie
16%
Navaja
14%
Sztylety Cienia
12%
Ursus
12%
Szpon
11%
Nóż Łowcy
9%
Nóż Falchion
8%
Nie znaleziono quizów pasujących do podanych kryteriów
Rozkład punktacji
Procent ludzi z każdym wynikiem
Percentyl według liczby udzielonych odpowiedzi
Twoja historia wyników
Nie rozwiązałeś tego quizu